000 00748nam a2200181Ia 4500
008 220216s9999 xx 000 0 und d
100 _aJose G
245 0 _aLitter from different sources influences the nutrient availability, biological and enzyme activity in the rubber growing soils in Kerala, India
260 _bPLACROSYM XXIII. Climate Resilient Technologies for Sustainability of Plantation Crops, 6-8 March 2019, Central Coffee Research Institute, Chikkamangaluru, Karnataka, India, Abstracts, p.66.
650 _aHevea brasiliensis
650 _aLeguminous cover crops
650 _aLitter degradation
650 _aMicrobial population
650 _aMineralization
650 _aSoil enzymes
700 _aJoseph M
942 _cBS
999 _c48679
_d48679